00838cam a22002531 4500001001300000003000400013005001700017008004100034010001700075035001900092040002100111043001200132050002200144051001600166100004800182245007300230260004300303300008300346490004100429500002000470650002000490810005700510999001700567gs 15000009 DLC20260227111317.0790914s1914 dcuabf f001 0 eng  ags 15000009  a(OCoLC)5374742 aDLCcICharEdDLC an-us-ak00aQE75b.B9 no. 576 aQE84.H3bM61 aMoffit, Fred H.q(Fred Howard),d1874-1958?10aGeology of the Hanagita-Bremner region, Alaska /cby Fred H. Moffit. aWashington,bGovt. Print. Off.,c1914. a56 p.bill. (maps., diagrs.) plates (1 fold.) 2 fold. maps (in pocket)c24 cm.1 aU.S. Geological survey. Bulletin 576 aIncludes index. 0aGeologyzAlaska1 aUnited States.bGeological Survey.tBulletin ;v576. c25456d25456